| 000 | 00654nam a2200181Ia 4500 | ||
|---|---|---|---|
| 008 | 100921s9999 xx 000 0 und d | ||
| 082 |
_b24221 _a808.068 थ 89 |
||
| 100 | _aText1 | ||
| 245 | _aएक होता राजा. | ||
| 260 |
_bचंद्रमौळी प्रकाशन, पुणे. _c1989 |
||
| 300 |
_a100 _bमॅजेस्टीक प्रकाशन,पुणे. |
||
| 365 | _b18 | ||
| 520 | _aललित-बालवाङ्रमय. | ||
| 630 | _aएक होता राजा. | ||
| 650 | _aललित-बालवाङ्रमय. | ||
| 730 | _aएक होता राजा. | ||
| 942 | _cBOOK | ||
| 999 |
_c773334 _d773331 |
||